Catálogo - Centro de Recursos para el Aprendizaje y la Investigación

Volver al Sitio - CRAI Biblioteca

Reservas : (Registro nro. 114099)

Detalles MARC
000 -CABECERA
campo de control de longitud fija 00684nas a2200217 4500
001 - NÚMERO DE CONTROL
campo de control 114099
003 - IDENTIFICADOR DEL NÚMERO DE CONTROL
campo de control DR-UNIBE
005 - FECHA Y HORA DE LA ÚLTIMA TRANSACCIÓN
campo de control 20250922120110.0
008 - DATOS DE LONGITUD FIJA--INFORMACIÓN GENERAL
campo de control de longitud fija 250922b2022 dr ||||| |||| 00| 0 spa d
040 ## - FUENTE DE LA CATALOGACIÓN
Centro catalogador/agencia de origen Biblioteca UNIBE
Centro/agencia transcriptor Biblioteca UNIBE
041 ## - CÓDIGO DE LENGUA
Código de lengua del texto/banda sonora o título independiente spa
082 ## - NÚMERO DE LA CLASIFICACIÓN DECIMAL DEWEY
Número de edición 22
Número de clasificación PP-RD 306.7293 R433a
245 00 - MENCIÓN DE TÍTULO
Título Reservas :
Resto del título arte y cultura
260 ## - PUBLICACIÓN, DISTRIBUCIÓN, ETC.
Lugar de publicación, distribución, etc. Santo Domingo :
Nombre del editor, distribuidor, etc. Centro Cultural Banreservas,
Fecha de publicación, distribución, etc. 2022
300 ## - DESCRIPCIÓN FÍSICA
Extensión volúmenes :
Otras características físicas ilustraciones ;
Dimensiones 28 cm
362 ## - FECHAS DE PUBLICACIÓN Y/O DESIGNACIÓN SECUENCIAL
Fecha de publicación y/o designación secuencial Número 7 (abril 2025)
650 #7 - PUNTO DE ACCESO ADICIONAL DE MATERIA--TÉRMINO DE MATERIA
Fuente del encabezamiento o término lemb
Término de materia o nombre geográfico como elemento de entrada Cultura
Subdivisión geográfica República Dominicana
9 (RLIN) 8370
650 #7 - PUNTO DE ACCESO ADICIONAL DE MATERIA--TÉRMINO DE MATERIA
Fuente del encabezamiento o término lemb
Término de materia o nombre geográfico como elemento de entrada Artes
Subdivisión geográfica República Dominicana
9 (RLIN) 199365
655 #7 - TÉRMINO DE INDIZACIÓN--GÉNERO/FORMA
Fuente del término lemb
Datos o término principal de género/forma Publicaciones periódicas
942 ## - ELEMENTOS DE PUNTO DE ACCESO ADICIONAL (KOHA)
Fuente del sistema de clasificación o colocación Sistema de Clasificación Decimal Dewey
Tipo de ítem Koha Revista
Existencias
Estado de retiro Estado de pérdida Fuente del sistema de clasificación o colocación Estado dañado No para préstamo Código de colección Localización permanente Ubicación/localización actual Fecha de adquisición Enumeración/cronología de publicación seriada Total de préstamos Signatura topográfica completa Código de barras Fecha visto por última vez Número de copia Precio válido a partir de Tipo de ítem Koha
  Disponible Sistema de Clasificación Decimal Dewey     Hemeroteca - Revistas dominicanas Biblioteca Central UNIBE Biblioteca Central UNIBE 22/09/2025 Número 7 (abril 2025)   PP-RD 306.7293 R433a R250230 22/09/2025 Ej. 1 22/09/2025 Revista